Visualizzazione normale
Vista MARC
- Tiomkin Dimitri
di Personal Name
Records bibliografici associati: 1
001 - CONTROL NUMBER
- control field: 11503
003 - CONTROL NUMBER IDENTIFIER
- control field: IT-RoPau
005 - DATE AND TIME OF LATEST TRANSACTION
- control field: 20140129150322.0
008 - FIXED-LENGTH DATA ELEMENTS
- fixed length control field: 140129|| aca||aabn | a|a d
040 ## - CATALOGING SOURCE
- Original cataloging agency: IT-RoPau
- Transcribing agency: IT-RoPau
100 ## - HEADING--PERSONAL NAME
- Personal name: Tiomkin Dimitri
- Miscellaneous information: Codice autore musica SPICS: 11173
- Relator term: Autore musica
- Name of part/section of a work: The High and the Mighty
670 ## - SOURCE DATA FOUND
- Source citation: Work cat.: (IT-RoPau)99545: AA.VV. 794, Percussion in the Sky